A study of students enrolled in post-high school public vocational educational programs in Iowa during the 1964-1965 school year /

Bibliographic Details
Main Author: Malone, Francis E. (Francis Edward), 1927-
Format: Thesis Microform Book
Language:English
Published: [Place of publication not identified] : [publisher not identified] ; 1966.
Subjects:

MARC

Tag First Indicator Second Indicator Subfields
LEADER 00000cam a2200000 a 4500
001 in00000103415
005 20150929180403.0
007 hd af| c|||
008 821210r1966 miua ab 00010 eng d
035 |a (OCoLC)09041535 
035 |9 AAN2636AM 
040 |a TXA  |c TXA  |d UtOrBLW 
043 |a n-us-ia 
049 |a TXAI 
099 |a film  |a B  |a 888 
100 1 |a Malone, Francis E.  |q (Francis Edward),  |d 1927- 
245 1 2 |a A study of students enrolled in post-high school public vocational educational programs in Iowa during the 1964-1965 school year /  |c by Francis E. Malone, Jr. 
264 1 |a [Place of publication not identified] :  |b [publisher not identified] ;  |c 1966. 
300 |a ix, 285 leaves :  |b illustrations 
336 |a text  |b txt  |2 rdacontent 
337 |a microform  |b h  |2 rdamedia 
338 |a microfilm reel  |b hd  |2 rdacarrier 
500 |a Vita. 
502 |b Ph. D.  |c University of Iowa  |d 1966. 
504 |a Bibliography: leaves 276-285. 
533 |a Microfilm.  |b Ann Arbor, Mich. :  |c University Microfilms,  |d 1966.  |e 1 microfilm reel : ill. ; 35 mm. 
500 |a Microform. 
650 0 |a Vocational school graduates  |z Iowa. 
999 |a MARS 
999 f f |s e25040d2-a0b3-3e10-8184-abb190809640  |i 9bab4bd7-f244-3d27-8855-7262e0691393  |t 0 
952 f f |p default  |a Texas A&M University  |b College Station  |c Sterling C. Evans Library  |d Evans: Microforms (3rd floor)  |t 0  |e film B 888  |h Other scheme  |i microform -- microfilm reel 
998 f f |a film B 888  |t 0  |l Evans: Microforms (3rd floor)